[Event "Junior Online 4NCL Division 3"]
[Site "online"]
[Date "2021.09.16"]
[EventDate "2021.09.16"]
[Round "3.24"]
[White "Hatem, Mika"]
[WhiteElo "1384"]
[WhiteTeam "JHJ Shark Tank 4"]
[Black "Cepoi, Gesneria-Codruta"]
[BlackElo "1109"]
[BlackTeam "Uxbridge B"]
[Result "0-1"]
[PlyCount "62"]

1. e4 c6 2. d4 d5 3. exd5 cxd5 4. c3 Nc6 5. Bd3 Nf6 6. Nf3 Bg4 7. Bg5 Bxf3 8. Qxf3 e5 9. Bxf6 gxf6 10. dxe5 Nxe5 11. Qe3 Be7 12. O-O Qc7 13. Nd2 Bc5 14. Qf4 Be7 15. Nb3 O-O-O 16. Bf5+ Kb8 17. Nd4 Qb6 18. b4 Bd6 19. Qd2 Nc4 20. Qh6 Be7 21. a4 Bf8 22. Qh3 Nd2 23. Rfd1 Bxb4 24. cxb4 Qxd4 25. Ra2 Qxb4 26. Raxd2 Qxa4 27. Qc3 Rd6 28. Qg3 Rd8 29. Rxd5 Ka8 30. Rxd6 Qxd1+ 31. Rxd1 Rxd1# 0-1

[Event "Junior Online 4NCL Division 3"]
[Site "online"]
[Date "2021.09.16"]
[EventDate "2021.09.16"]
[Round "3.26"]
[White "Jebananthan, Jeshan"]
[WhiteElo "1230"]
[WhiteTeam "Uxbridge B"]
[Black "Sisupalan, Beni"]
[BlackElo "1452"]
[BlackTeam "JHJ Shark Tank 4"]
[Result "0-1"]
[PlyCount "72"]

1. e4 e5 2. Nf3 Nc6 3. Bc4 Bc5 4. Nc3 Nf6 5. d3 d6 6. h3 Be6 7. Bb3 O-O 8. Bg5 a6 9. O-O Na5 10. Qe2 Nxb3 11. axb3 h6 12. Bh4 Qe7 13. Nd5 Bxd5 14. exd5 e4 15. dxe4 Qxe4 16. Rfe1 Qxe2 17. Rxe2 g5 18. Bxg5 hxg5 19. Nxg5 Nxd5 20. Ra4 f5 21. Ne6 Rae8 22. g4 b5 23. Rxa6 fxg4 24. hxg4 Rxf2 25. Rxf2 Bxf2+ 26. Kxf2 Rxe6 27. Ra8+ Kf7 28. Kg3 Re2 29. c4 bxc4 30. bxc4 Nf6 31. b4 Re4 32. b5 Rxg4+ 33. Kf3 Rxc4 34. Ra7 Ke6 35. Rxc7 Rxc7 36. b6 Rb7 0-1

[Event "Junior Online 4NCL Division 3"]
[Site "online"]
[Date "2021.09.16"]
[EventDate "2021.09.16"]
[Round "3.27"]
[White "Aserkoff, Daniel"]
[WhiteElo "1411"]
[WhiteTeam "JHJ Shark Tank 4"]
[Black "Mangalagiri, Pranav"]
[BlackElo "1184"]
[BlackTeam "Uxbridge B"]
[Result "1-0"]
[PlyCount "59"]

1. e4 c5 2. Nc3 Nc6 3. f4 e5 4. d3 d6 5. Nf3 exf4 6. Bxf4 Nf6 7. Be2 Be7 8. O-O O-O 9. Qe1 Ng4 10. h3 Nf6 11. Qg3 h6 12. Bxh6 Nh5 13. Qf2 gxh6 14. Nd2 Kh7 15. Bxh5 Be6 16. Nd5 Nd4 17. c3 Bxd5 18. cxd4 Bc6 19. d5 Bb5 20. Nc4 f5 21. exf5 Bf6 22. Qg3 Bxc4 23. dxc4 Bd4+ 24. Kh1 Rg8 25. Bg6+ Kh8 26. Qd3 Bxb2 27. Rab1 Qf6 28. Qb3 Be5 29. Qxb7 Rab8 30. Qh7# 1-0

[Event "Junior Online 4NCL Division 3"]
[Site "online"]
[Date "2021.09.16"]
[EventDate "2021.09.16"]
[Round "3.28"]
[White "Cepoi, Gesneria-Codruta"]
[WhiteElo "1109"]
[WhiteTeam "Uxbridge B"]
[Black "Hatem, Mika"]
[BlackElo "1384"]
[BlackTeam "JHJ Shark Tank 4"]
[Result "0-1"]
[PlyCount "66"]

1. e4 e5 2. Nf3 Nc6 3. Bb5 a6 4. Bxc6 dxc6 5. Nxe5 Qd4 6. Nd3 Qxe4+ 7. Qe2 Qxe2+ 8. Kxe2 Nf6 9. Nc3 Bd6 10. Re1 O-O 11. Kf1 Bxh2 12. g3 Bh3+ 13. Ke2 Rfe8+ 14. Kf3 Rxe1 15. Nxe1 Re8 16. Nd3 g5 17. b3 Nh5 18. g4 Nf6 19. Bb2 Bxg4+ 20. Kg2 Bd6 21. Ne1 Kg7 22. Nf3 Bxf3+ 23. Kxf3 g4+ 24. Kg2 h5 25. Nd1 Be5 26. Bxe5 Rxe5 27. Ne3 Nd5 28. Rd1 Nxe3+ 29. dxe3 Rd5 30. Rh1 Kg6 31. c4 Rd2 32. Ra1 f5 33. Kg3 Kg5 0-1

[Event "Junior Online 4NCL Division 3"]
[Site "online"]
[Date "2021.09.16"]
[EventDate "2021.09.16"]
[Round "3.31"]
[White "Man, Felix"]
[WhiteElo "1264"]
[WhiteTeam "Muswell Hill Primary"]
[Black "Patel, Rohan"]
[BlackElo "1188"]
[BlackTeam "Edgware Gambits E"]
[Result "1-0"]
[PlyCount "139"]

1. e4 e5 2. Nf3 Nc6 3. Bc4 Be7 4. Nc3 Nf6 5. d3 O-O 6. O-O d6 7. h3 Be6 8. Bb3 Na5 9. Be3 Nxb3 10. axb3 a6 11. Re1 Qd7 12. Qd2 h6 13. d4 exd4 14. Bxd4 c5 15. Be3 d5 16. exd5 Nxd5 17. Nxd5 Qxd5 18. Qxd5 Bxd5 19. Bxh6 Bxf3 20. gxf3 gxh6 21. Rxe7 Kh7 22. Rxb7 Rg8+ 23. Kf1 Rad8 24. Rxf7+ Kg6 25. Rf4 Kg5 26. Rg4+ Kf5 27. Rxg8 Rxg8 28. Ke2 Rg6 29. Rd1 Re6+ 30. Kf1 Kf4 31. Rd3 Re5 32. Re3 Rxe3 33. fxe3+ Kxe3 34. Kg2 Kd2 35. Kg3 Kxc2 36. f4 Kxb2 37. f5 Kxb3 38. f6 c4 39. f7 c3 40. f8=Q c2 41. Qf1 Kb2 42. Qe2 Kb1 43. Qd3 Kb2 44. Qd2 Kb1 45. Qb4+ Kc1 46. Kf3 Kd1 47. Qd4+ Kc1 48. Ke2 Kb1 49. Qb4+ Ka2 50. Qc3 a5 51. Qxc2+ Ka3 52. Qg6 Kb4 53. Qxh6 a4 54. Qa6 a3 55. h4 Kb3 56. Kd1 a2 57. Kc1 Kc3 58. Qxa2 Kd4 59. Qb3 Ke5 60. Qc4 Kf6 61. Qd5 Kg6 62. Qe5 Kh7 63. Qf6 Kg8 64. Qe7 Kh8 65. Kb2 Kg8 66. Kc3 Kh8 67. Kd4 Kg8 68. Ke5 Kh8 69. Kf6 Kg8 70. Qg7# 1-0

[Event "Junior Online 4NCL Division 3"]
[Site "online"]
[Date "2021.09.16"]
[EventDate "2021.09.16"]
[Round "3.32"]
[White "Wilkinson, James"]
[WhiteElo "1167"]
[WhiteTeam "Edgware Gambits E"]
[Black "Bagshaw, Freddie"]
[BlackElo "1160"]
[BlackTeam "Muswell Hill Primary"]
[Result "1-0"]
[PlyCount "99"]

1. d4 d5 2. c4 Nf6 3. cxd5 Nxd5 4. e4 Nb6 5. Nc3 Nc6 6. Nf3 e6 7. a3 Be7 8. g3 O-O 9. Bg2 h6 10. O-O Nc4 11. Nb5 a6 12. Nc3 Bf6 13. e5 Be7 14. Qe2 Nxd4 15. Qxc4 Nf5 16. Bf4 b5 17. Qe4 Rb8 18. Rad1 Qe8 19. Bc1 Bb7 20. Qc2 b4 21. axb4 Bxb4 22. Na2 Be7 23. Qxc7 h5 24. Nd4 h4 25. Nxf5 exf5 26. Bxb7 Bd8 27. Qxb8 Be7 28. Qxe8 Rxe8 29. Bxa6 Ra8 30. Bb7 Rxa2 31. gxh4 Bxh4 32. Bd5 Ra1 33. Rd4 Be7 34. b4 Ra4 35. Bd2 Bh4 36. b5 Bxf2+ 37. Kxf2 Rxd4 38. Be3 Rxd5 39. b6 Rb5 40. Rd1 f4 41. Rd8+ Kh7 42. Bd4 Rb2+ 43. Bxb2 g5 44. b7 Kh6 45. b8=Q Kh5 46. Rh8+ Kg4 47. Qc8+ f5 48. e6 f3 49. h3+ Kf4 50. Qc4# 1-0

[Event "Junior Online 4NCL Division 3"]
[Site "online"]
[Date "2021.09.16"]
[EventDate "2021.09.16"]
[Round "3.33"]
[White "Michener, Max"]
[WhiteElo "1000"]
[WhiteTeam "Muswell Hill Primary"]
[Black "Patel, Amya Hetal"]
[BlackElo "1142"]
[BlackTeam "Edgware Gambits E"]
[Result "1-0"]
[PlyCount "37"]

1. e4 e6 2. d4 d5 3. exd5 exd5 4. Bd3 Nc6 5. c3 Nf6 6. Bg5 Bg4 7. Bxf6 Bxd1 8. Bxd8 Rxd8 9. Kxd1 Bd6 10. Nf3 O-O 11. Nbd2 h6 12. c4 dxc4 13. Nxc4 a6 14. Kc2 Nb4+ 15. Kd2 Bf4+ 16. Kc3 Nd5+ 17. Kb3 b5 18. Na5 c5 19. dxc5 1-0

[Event "Junior Online 4NCL Division 3"]
[Site "online"]
[Date "2021.09.16"]
[EventDate "2021.09.16"]
[Round "3.34"]
[White "Wen, Liana"]
[WhiteElo "1154"]
[WhiteTeam "Edgware Gambits E"]
[Black "Gibbins, Finlay"]
[BlackElo "946"]
[BlackTeam "Muswell Hill Primary"]
[Result "1/2-1/2"]
[PlyCount "30"]

1. d4 d5 2. c4 c6 3. Nc3 Nf6 4. Bf4 Na6 5. e3 Ng4 6. Bg3 Nb4 7. Nf3 Bf5 8. Rc1 e6 9. a3 Na6 10. Bd3 Bd6 11. Bxf5 exf5 12. c5 Bc7 13. O-O Bxg3 14. hxg3 Qf6 15. Qd3 O-O 1/2-1/2

[Event "Junior Online 4NCL Division 3"]
[Site "online"]
[Date "2021.09.16"]
[EventDate "2021.09.16"]
[Round "3.35"]
[White "Patel, Rohan"]
[WhiteElo "1188"]
[WhiteTeam "Edgware Gambits E"]
[Black "Man, Felix"]
[BlackElo "1264"]
[BlackTeam "Muswell Hill Primary"]
[Result "0-1"]
[PlyCount "132"]

1. e4 e5 2. Nf3 Nc6 3. Bc4 Bc5 4. Nc3 Nf6 5. d3 h6 6. Be3 Bb6 7. Na4 O-O 8. Nxb6 axb6 9. O-O d6 10. h3 Be6 11. Bb3 Re8 12. Re1 Bxb3 13. axb3 Rxa1 14. Qxa1 Qa8 15. Bd2 Qxa1 16. Rxa1 Kh7 17. b4 d5 18. exd5 Nxd5 19. b5 Nd4 20. Nxd4 exd4 21. Ra7 Re2 22. c4 Rxd2 23. cxd5 Rxb2 24. Rxb7 Rxb5 25. Rxc7 Rxd5 26. Rxf7 Rb5 27. Rd7 Rb4 28. Rb7 Kg6 29. Kf1 Kf6 30. Ke2 g5 31. Kf3 Rb3 32. Ke4 b5 33. Rd7 b4 34. Rxd4 Rb2 35. Rd6+ Kg7 36. Rb6 b3 37. Kf3 Rb1 38. d4 b2 39. d5 Kf7 40. Ke4 Re1+ 41. Kf5 b1=Q+ 42. Rxb1 Rxb1 43. Ke5 Rf1 44. d6 Rxf2 45. Kd5 Rxg2 46. Kc6 Rd2 47. d7 Rxd7 48. Kxd7 h5 49. Kd6 Kf6 50. Kd5 Kf5 51. Kd4 Kf4 52. Kd3 Kg3 53. Ke2 Kxh3 54. Kf1 g4 55. Kg1 Kg3 56. Kh1 h4 57. Kg1 h3 58. Kh1 Kf4 59. Kg1 g3 60. Kh1 Ke3 61. Kg1 g2 62. Kh2 Kf2 63. Kxh3 g1=Q 64. Kh4 Kf3 65. Kh5 Kf4 66. Kh4 Qh1# 0-1

[Event "Junior Online 4NCL Division 3"]
[Site "online"]
[Date "2021.09.16"]
[EventDate "2021.09.16"]
[Round "3.36"]
[White "Bagshaw, Freddie"]
[WhiteElo "1160"]
[WhiteTeam "Muswell Hill Primary"]
[Black "Wilkinson, James"]
[BlackElo "1167"]
[BlackTeam "Edgware Gambits E"]
[Result "0-1"]
[PlyCount "42"]

1. e4 e5 2. Nf3 Nf6 3. Nc3 Nc6 4. Bc4 Bc5 5. Ng5 O-O 6. O-O Ne8 7. Ne2 Qxg5 8. d3 Qh4 9. c3 Nf6 10. Bxf7+ Rxf7 11. Qb3 Ng4 12. h3 Nxf2 13. Rxf2 Qxf2+ 14. Kh2 Qxe2 15. d4 exd4 16. cxd4 Nxd4 17. Qd5 Nf3+ 18. Kg3 Bf2+ 19. Kg4 d6+ 20. Kh5 Ne5+ 21. Kg5 h6# 0-1

[Event "Junior Online 4NCL Division 3"]
[Site "online"]
[Date "2021.09.16"]
[EventDate "2021.09.16"]
[Round "3.37"]
[White "Patel, Amya Hetal"]
[WhiteElo "1142"]
[WhiteTeam "Edgware Gambits E"]
[Black "Michener, Max"]
[BlackElo "1000"]
[BlackTeam "Muswell Hill Primary"]
[Result "0-1"]
[PlyCount "42"]

1. e4 e5 2. Nf3 Nc6 3. Nc3 Bc5 4. Bb5 a6 5. Bxc6 dxc6 6. O-O Qe7 7. d3 Nf6 8. Bg5 h6 9. Bxf6 Qxf6 10. h3 g5 11. Re1 h5 12. d4 exd4 13. Nxd4 Bxd4 14. Ne2 Bxf2+ 15. Kh2 Qe5+ 16. Kh1 Bxe1 17. Qxe1 g4 18. Rd1 gxh3 19. gxh3 Qxe4+ 20. Kg1 Qe3+ 21. Kf1 Bxh3# 0-1

[Event "Junior Online 4NCL Division 3"]
[Site "online"]
[Date "2021.09.16"]
[EventDate "2021.09.16"]
[Round "3.38"]
[White "Gibbins, Finlay"]
[WhiteElo "946"]
[WhiteTeam "Muswell Hill Primary"]
[Black "Wen, Liana"]
[BlackElo "1154"]
[BlackTeam "Edgware Gambits E"]
[Result "1-0"]
[PlyCount "99"]

1. e4 c5 2. Bb5 a6 3. Bc4 d6 4. Qh5 g6 5. Qf3 Nf6 6. Bb3 Bg7 7. Ba4+ Bd7 8. e5 dxe5 9. Qxb7 Nc6 10. Bxc6 Bxc6 11. Qxc6+ Nd7 12. d3 O-O 13. Bg5 Nf6 14. Nf3 Rc8 15. Qxa6 Ra8 16. Qc4 Qa5+ 17. c3 Rad8 18. Nxe5 Rd5 19. Bxf6 exf6 20. Qxd5 fxe5 21. Nd2 Qb6 22. Nc4 Qc7 23. Ne3 Rd8 24. Qf3 Qd7 25. O-O Qxd3 26. c4 Qd2 27. Rad1 e4 28. Qxe4 Qa5 29. f4 Bxb2 30. Qc2 Bd4 31. Qd3 Bf6 32. Qe2 Rf8 33. Qf2 Qc7 34. Ng4 Bg7 35. Rd5 Qe7 36. a4 Qa7 37. Ra1 Qe7 38. Re1 Qa7 39. Qa2 Qc7 40. a5 Qxf4 41. a6 Bd4+ 42. Kh1 Qb8 43. a7 Qc8 44. Nh6+ Kg7 45. Nf5+ gxf5 46. Rxf5 Kg6 47. Rf4 Be5 48. Rf3 Qg4 49. Kg1 Qh4 50. Rxe5 1-0

[Event "Junior Online 4NCL Division 3"]
[Site "online"]
[Date "2021.09.16"]
[EventDate "2021.09.16"]
[Round "3.41"]
[White "Shiva, Shrishti"]
[WhiteElo "1463"]
[WhiteTeam "Colchester Juniors B"]
[Black "Morin, Julian"]
[BlackElo "1049"]
[BlackTeam "Barnet Knights D"]
[Result "1-0"]
[PlyCount "145"]

1. e4 c5 2. Nf3 d6 3. Bb5+ Bd7 4. Bxd7+ Nxd7 5. Nc3 g6 6. d3 Bg7 7. Bd2 Ngf6 8. h3 Qc7 9. Qe2 e6 10. Bf4 a6 11. O-O O-O 12. Qd2 b5 13. a3 Nh5 14. Bg3 Nxg3 15. fxg3 Nb6 16. Rab1 d5 17. exd5 exd5 18. Ne2 a5 19. c3 Rfe8 20. Rf2 Rad8 21. d4 cxd4 22. Nfxd4 Nc4 23. Qd3 Re3 24. Qd1 Bxd4 25. Qxd4 Qe7 26. Nf4 Re1+ 27. Rxe1 Qxe1+ 28. Kh2 Ne3 29. Re2 Nf5 30. Rxe1 Nxd4 31. cxd4 Kg7 32. Re5 b4 33. Rxd5 Rxd5 34. Nxd5 bxa3 35. bxa3 Kf8 36. Ne3 Ke7 37. Nc4 a4 38. Nb6 Kd6 39. Nxa4 Kd5 40. Nb2 Kxd4 41. a4 Kc5 42. Kg1 Kb4 43. Kf2 Ka5 44. Ke3 Ka6 45. Kd4 Ka5 46. Kc5 Ka6 47. Kb4 Kb6 48. Nc4+ Ka6 49. a5 f5 50. Nd6 h6 51. Nf7 h5 52. Nh8 g5 53. Nf7 f4 54. gxf4 gxf4 55. Nd8 h4 56. Ne6 Ka7 57. Nxf4 Ka6 58. Ng6 Kb7 59. Nxh4 Ka7 60. Nf5 Kb7 61. g4 Ka6 62. h4 Ka7 63. g5 Kb7 64. h5 Kc7 65. h6 Kb7 66. h7 Ka6 67. h8=Q Ka7 68. Qg7+ Ka6 69. Qf6+ Ka7 70. Qb6+ Ka8 71. Qb5 Ka7 72. Nd6 Ka8 73. Qb7# 1-0

[Event "Junior Online 4NCL Division 3"]
[Site "online"]
[Date "2021.09.16"]
[EventDate "2021.09.16"]
[Round "3.42"]
[White "Grose, Ariyana"]
[WhiteElo "893"]
[WhiteTeam "Barnet Knights D"]
[Black "Salkauskas, Deimantas"]
[BlackElo "1346"]
[BlackTeam "Colchester Juniors B"]
[Result "1-0"]
[PlyCount "69"]

1. e4 e5 2. Nf3 Nc6 3. Bc4 Bc5 4. Nc3 Nf6 5. d3 O-O 6. Bg5 Be7 7. h3 h6 8. Bh4 d6 9. O-O Be6 10. Bxe6 fxe6 11. d4 exd4 12. Nxd4 Nxd4 13. Qxd4 e5 14. Qc4+ Rf7 15. Nd5 Nxd5 16. Qxd5 Bxh4 17. Qxb7 Rb8 18. Qxa7 Rxb2 19. Rab1 Rxc2 20. Rb8 Qxb8 21. Qxb8+ Rf8 22. Qb7 Rxa2 23. Qxc7 Rd8 24. Qc4+ Kh7 25. Qxa2 Bf6 26. Rd1 Be7 27. Qa7 Bh4 28. Qc7 Rf8 29. Qxd6 Rxf2 30. Qxe5 Re2 31. Rd7 Re1+ 32. Kh2 Bg3+ 33. Qxg3 Rh1+ 34. Kxh1 Kg8 35. Qxg7# 1-0

[Event "Junior Online 4NCL Division 3"]
[Site "online"]
[Date "2021.09.16"]
[EventDate "2021.09.16"]
[Round "3.44"]
[White "Greenberg, Sam"]
[WhiteElo "600"]
[WhiteTeam "Barnet Knights D"]
[Black "Beer, James"]
[BlackElo "1275"]
[BlackTeam "Colchester Juniors B"]
[Result "0-1"]
[PlyCount "60"]

1. e4 e5 2. Qf3 Nf6 3. d3 Bc5 4. g3 d6 5. Bh3 Bxh3 6. Nxh3 Nc6 7. Ng5 Nd4 8. Qd1 h6 9. Nf3 Nxf3+ 10. Qxf3 O-O 11. Be3 Bxe3 12. Qxe3 Ng4 13. Qf3 Nf6 14. Nc3 c6 15. O-O-O Qd7 16. d4 Qg4 17. Qxg4 Nxg4 18. dxe5 Nxf2 19. Rdg1 Nxh1 20. Rxh1 dxe5 21. Rf1 Rad8 22. Rf5 Rfe8 23. g4 g6 24. Rf3 Re6 25. h4 g5 26. hxg5 hxg5 27. Rh3 Kg7 28. Rh5 Kg6 29. Ne2 Red6 30. Ng3 Rd1# 0-1

[Event "Junior Online 4NCL Division 3"]
[Site "online"]
[Date "2021.09.16"]
[EventDate "2021.09.16"]
[Round "3.45"]
[White "Morin, Julian"]
[WhiteElo "1049"]
[WhiteTeam "Barnet Knights D"]
[Black "Shiva, Shrishti"]
[BlackElo "1463"]
[BlackTeam "Colchester Juniors B"]
[Result "1-0"]
[PlyCount "155"]

1. e4 e5 2. Nf3 Nc6 3. Bc4 Bc5 4. c3 h6 5. d4 exd4 6. cxd4 Bb4+ 7. Bd2 Bxd2+ 8. Nbxd2 d6 9. O-O Nge7 10. Qb3 O-O 11. a3 Na5 12. Qa2 Nxc4 13. Nxc4 Be6 14. d5 Bg4 15. Ncd2 Ng6 16. Qb3 Rb8 17. Qe3 a6 18. Nb1 Bxf3 19. Qxf3 Ne5 20. Qc3 Qe7 21. Nd2 Nd7 22. b4 Nf6 23. f3 Nh5 24. Qe3 Nf6 25. Nc4 Rfe8 26. Rfe1 Qd7 27. Qd2 Qb5 28. Qc2 Nd7 29. Qc3 Nb6 30. Na5 Rec8 31. Nb3 Na4 32. Qc2 Qb6+ 33. Kf1 Qb5+ 34. Kg1 Nb6 35. Nd4 Qc4 36. Qxc4 Nxc4 37. Nf5 Re8 38. Rec1 b5 39. Nd4 Ne5 40. Rxc7 Rec8 41. Rac1 Nc4 42. Ra7 Ra8 43. Rxa8 Rxa8 44. Nc2 Rc8 45. Ne3 Kf8 46. Nxc4 Rxc4 47. Rxc4 bxc4 48. Kf1 Ke8 49. Ke1 Kd7 50. Kd2 Kc7 51. Kc3 Kb6 52. Kxc4 f6 53. g3 g6 54. h3 h5 55. h4 f5 56. exf5 gxf5 57. f4 Kc7 58. b5 Kb7 59. bxa6+ Kxa6 60. Kb4 Kb6 61. a4 Ka6 62. a5 Kb7 63. Kb5 Ka7 64. Kc6 Ka6 65. Kxd6 Kxa5 66. Ke5 Kb6 67. Kxf5 Kc7 68. Ke6 Kd8 69. f5 Ke8 70. f6 Kf8 71. f7 Kg7 72. Ke7 Kh7 73. f8=Q Kg6 74. Qf7+ Kh6 75. Qf6+ Kh7 76. Qg5 Kh8 77. Kf7 Kh7 78. Qxh5# 1-0

[Event "Junior Online 4NCL Division 3"]
[Site "online"]
[Date "2021.09.16"]
[EventDate "2021.09.16"]
[Round "3.46"]
[White "Salkauskas, Deimantas"]
[WhiteElo "1346"]
[WhiteTeam "Colchester Juniors B"]
[Black "Grose, Ariyana"]
[BlackElo "893"]
[BlackTeam "Barnet Knights D"]
[Result "1-0"]
[PlyCount "67"]

1. e4 e5 2. Nf3 Nc6 3. Bc4 Nf6 4. Nc3 Bc5 5. Ng5 d5 6. exd5 Na5 7. Bb3 Ng4 8. O-O Qxg5 9. d4 Qh5 10. h3 Nf6 11. Qxh5 Nxh5 12. dxc5 Bf5 13. Re1 f6 14. g4 g6 15. gxf5 gxf5 16. f4 Rg8+ 17. Kf2 Ng7 18. fxe5 fxe5 19. Rxe5+ Kf7 20. d6+ Kf6 21. Re2 Rge8 22. Nd5+ Kf7 23. Nxc7+ Kg6 24. Nxe8 Rxe8 25. Rxe8 Nxe8 26. d7 Nxb3 27. dxe8=Q+ Kg7 28. cxb3 b6 29. c6 f4 30. c7 h5 31. c8=Q Kf6 32. Qcd7 Kg5 33. Qe5+ Kh6 34. Qdg7# 1-0

[Event "Junior Online 4NCL Division 3"]
[Site "online"]
[Date "2021.09.16"]
[EventDate "2021.09.16"]
[Round "3.48"]
[White "Beer, James"]
[WhiteElo "1275"]
[WhiteTeam "Colchester Juniors B"]
[Black "Greenberg, Sam"]
[BlackElo "600"]
[BlackTeam "Barnet Knights D"]
[Result "0-1"]
[PlyCount "50"]

1. e4 e5 2. Nf3 Nc6 3. Bc4 h6 4. Nc3 Nf6 5. d3 d6 6. Be3 Be6 7. Bb3 Bxb3 8. axb3 Qd7 9. Ra4 b5 10. Nxb5 Rb8 11. Nxa7 Nxa7 12. Rxa7 g6 13. Qa1 Qd8 14. O-O Bg7 15. Qa4+ Nd7 16. Ra1 O-O 17. Qc4 Nb6 18. Bxb6 cxb6 19. Qc7 Qe8 20. R1a6 Rc8 21. Qxd6 Rxc2 22. Rxb6 g5 23. Rab7 g4 24. Rb8 Rc1+ 25. Ne1 Rxe1# 0-1

[Event "Junior Online 4NCL Division 3"]
[Site "online"]
[Date "2021.09.16"]
[EventDate "2021.09.16"]
[Round "3.51"]
[White "Kammin, Samuel"]
[WhiteElo "1715"]
[WhiteTeam "Farnham Fantasticos A"]
[Black "Sidana, Rishabh"]
[BlackElo "1399"]
[BlackTeam "Chess Challengers A"]
[Result "1-0"]
[PlyCount "144"]

1. d4 Nf6 2. Nf3 g6 3. c4 Bg7 4. Nc3 d6 5. e4 O-O 6. Be2 Re8 7. Bf4 Nbd7 8. e5 dxe5 9. dxe5 Nh5 10. Qd2 Nc5 11. Nd4 Nxf4 12. Qxf4 Ne6 13. Nxe6 Bxe6 14. Rd1 Qb8 15. Qe3 c6 16. f4 Qc7 17. O-O Rad8 18. Ne4 b6 19. Ng5 Qc8 20. c5 b5 21. b4 Bd5 22. a4 h6 23. Nf3 a6 24. Nd4 Rd7 25. e6 Bxd4 26. exf7+ Bxf7 27. Rxd4 Rxd4 28. Qxd4 Rd8 29. Qe4 Qe6 30. Bf3 Qxe4 31. Bxe4 Rc8 32. axb5 axb5 33. Rd1 Kg7 34. Rd7 Kf6 35. Ra7 Be8 36. Kf2 e5 37. Kf3 exf4 38. Kxf4 g5+ 39. Ke3 Bf7 40. Ra6 Be8 41. Rb6 Bd7 42. Rb7 Rd8 43. Rc7 Be6 44. Bxc6 Bc4 45. Rb7 Rd3+ 46. Kf2 Rd2+ 47. Kg3 Rd3+ 48. Kg4 Rd4+ 49. Kf3 Rd3+ 50. Kf2 Rd2+ 51. Ke3 Re2+ 52. Kd4 Rd2+ 53. Kc3 Rd3+ 54. Kc2 Rb3 55. Bxb5 Rxb4 56. Rb6+ Ke5 57. Be8 Rxb6 58. cxb6 Ba6 59. Bh5 Bb7 60. Bf3 Bxf3 61. gxf3 Kd6 62. Kd3 Kc6 63. Ke4 Kxb6 64. Kf5 Kc5 65. Kg6 Kd4 66. Kxh6 Ke3 67. Kxg5 Kxf3 68. h4 Ke4 69. h5 Ke5 70. Kg6 Ke6 71. Kg7 Kd7 72. h6 Kc7 1-0

[Event "Junior Online 4NCL Division 3"]
[Site "online"]
[Date "2021.09.16"]
[EventDate "2021.09.16"]
[Round "3.53"]
[White "Warren, Archie"]
[WhiteElo "1462"]
[WhiteTeam "Farnham Fantasticos A"]
[Black "Ray, Ayush"]
[BlackElo "1320"]
[BlackTeam "Chess Challengers A"]
[Result "0-1"]
[PlyCount "104"]

1. d4 d5 2. Bf4 Nc6 3. e3 Bf5 4. c4 e6 5. Nc3 Bb4 6. Qb3 Nf6 7. Rc1 O-O 8. Nf3 a5 9. a3 Bxc3+ 10. Rxc3 Ne4 11. Rc1 Rb8 12. Be2 Re8 13. O-O Qe7 14. cxd5 exd5 15. Qxd5 Bg6 16. Bb5 Rbd8 17. Qb3 Qf6 18. Be5 Nxe5 19. dxe5 Qe6 20. Bxe8 Qxb3 21. Bxf7+ Bxf7 22. h3 Qxb2 23. Rxc7 Qb6 24. Rcc1 Bh5 25. Rfe1 Qg6 26. Nh4 Qf7 27. Rc2 g5 28. Nf3 Bxf3 29. gxf3 Qxf3 30. Kh2 Rf8 31. e6 Qf6 32. Rg1 Qxe6 33. Rg2 Qe5+ 34. Kh1 Qf5 35. Kh2 Qf3 36. a4 h6 37. Ra2 Qf7 38. Rc2 Qb3 39. Re2 Qxa4 40. f4 Kh7 41. fxg5 Nxg5 42. Rg4 Qd1 43. Rgg2 a4 44. Rb2 Nf3+ 45. Kg3 Rg8+ 46. Kf4 Rxg2 47. Rxg2 Ng5 48. h4 Qd6+ 49. Kg4 Qe6+ 50. Kf4 Qf6+ 51. Kg3 Qg6 52. Kf4 Ne6+ 0-1

[Event "Junior Online 4NCL Division 3"]
[Site "online"]
[Date "2021.09.16"]
[EventDate "2021.09.16"]
[Round "3.54"]
[White "Gupta, Shourya"]
[WhiteElo "1400"]
[WhiteTeam "Chess Challengers A"]
[Black "Amos, Alice"]
[BlackElo "1431"]
[BlackTeam "Farnham Fantasticos A"]
[Result "0-1"]
[PlyCount "64"]

1. d4 Nf6 2. c4 g6 3. Nc3 Bg7 4. e4 d6 5. Nf3 Bg4 6. h3 Bxf3 7. Qxf3 O-O 8. e5 dxe5 9. dxe5 Nfd7 10. Qxb7 Bxe5 11. Qxa8 Bxc3+ 12. bxc3 c6 13. Qxa7 Nf6 14. Bh6 Re8 15. Qe3 e5 16. Be2 Nbd7 17. O-O e4 18. Rfd1 Qc7 19. Qd4 Ne5 20. Bg5 Nfd7 21. Bg4 Nb6 22. c5 Nc8 23. Bf6 Nxg4 24. hxg4 Ne7 25. Bh8 f6 26. Qxf6 Nc8 27. Rd2 Na7 28. Rad1 Nb5 29. Rd7 Qe5 30. Rg7+ Kxh8 31. Re7+ Qxf6 32. Rdd7 Rxe7 0-1

[Event "Junior Online 4NCL Division 3"]
[Site "online"]
[Date "2021.09.16"]
[EventDate "2021.09.16"]
[Round "3.55"]
[White "Sidana, Rishabh"]
[WhiteElo "1399"]
[WhiteTeam "Chess Challengers A"]
[Black "Kammin, Samuel"]
[BlackElo "1715"]
[BlackTeam "Farnham Fantasticos A"]
[Result "0-1"]
[PlyCount "94"]

1. e4 c5 2. Nf3 e6 3. d4 cxd4 4. Nxd4 Nf6 5. Nc3 Bb4 6. Bd2 O-O 7. e5 Bxc3 8. Bxc3 Nd5 9. Bd3 Nxc3 10. bxc3 Qc7 11. Qd2 Qxe5+ 12. Ne2 Nc6 13. f4 Qh5 14. Ng3 Qh6 15. O-O Ne5 16. Rad1 Ng4 17. h3 Nf6 18. Qe2 b6 19. Ne4 Bb7 20. Nxf6+ Qxf6 21. Qh5 g6 22. Qe5 Qxe5 23. fxe5 Rac8 24. Bb5 Rxc3 25. Rxd7 Bd5 26. Rxa7 Rxc2 27. Rf2 Rc1+ 28. Kh2 Re1 29. Ra6 Rxe5 30. Rxb6 Ra8 31. Rd6 Rxa2 32. Rxa2 Bxa2 33. Rd8+ Kg7 34. Be8 Rd5 35. Ra8 Rd2 36. Ra7 e5 37. Bc6 Bd5 38. Bxd5 Rxd5 39. Re7 Kf6 40. Re8 h5 41. Kg3 Kg5 42. Re7 f5 43. Rf7 Rd3+ 44. Kh2 Kf4 45. Rg7 g5 46. Rh7 h4 47. Re7 e4 0-1

[Event "Junior Online 4NCL Division 3"]
[Site "online"]
[Date "2021.09.16"]
[EventDate "2021.09.16"]
[Round "3.56"]
[White "Amos, Michael"]
[WhiteElo "1690"]
[WhiteTeam "Farnham Fantasticos A"]
[Black "Subramanian, Ashwanth"]
[BlackElo "1350"]
[BlackTeam "Chess Challengers A"]
[Result "1-0"]
[PlyCount "101"]

1. d4 d5 2. c4 Bf5 3. Nf3 b6 4. g3 e6 5. Bg2 Nf6 6. O-O Be7 7. Nbd2 O-O 8. Qb3 c5 9. Re1 Ne4 10. Nxe4 dxe4 11. Nd2 Qxd4 12. e3 Qe5 13. Qb5 Bg6 14. f4 exf3 15. Nxf3 Qc7 16. Ne5 a6 17. Qb3 Ra7 18. Nxg6 fxg6 19. Bd2 Nc6 20. Bc3 Bf6 21. Qc2 Bxc3 22. Qxc3 Ne7 23. e4 e5 24. Rad1 Nc6 25. Rd5 Nd4 26. Qd2 Raa8 27. Qg5 Rfe8 28. Rf1 Rad8 29. Bh3 Rxd5 30. cxd5 Rf8 31. Rxf8+ Kxf8 32. Qe3 Qf7 33. Kg2 Ke7 34. Bg4 h5 35. Bd1 Qf6 36. Qa3 a5 37. Qa4 h4 38. a3 hxg3 39. hxg3 Qg5 40. Kh3 Qh6+ 41. Kg2 b5 42. Qxa5 Qe3 43. Qc7+ Kf6 44. Qd6+ Kf7 45. Qd7+ Kf6 46. Bg4 Qxe4+ 47. Kh2 Qc2+ 48. Kh3 Qe4 49. Qd6+ Kg5 50. Qe7+ Kh6 51. Qh4# 1-0

[Event "Junior Online 4NCL Division 3"]
[Site "online"]
[Date "2021.09.16"]
[EventDate "2021.09.16"]
[Round "3.57"]
[White "Ray, Ayush"]
[WhiteElo "1320"]
[WhiteTeam "Chess Challengers A"]
[Black "Warren, Archie"]
[BlackElo "1462"]
[BlackTeam "Farnham Fantasticos A"]
[Result "1-0"]
[PlyCount "129"]

1. e4 c5 2. Nf3 d6 3. d4 cxd4 4. Nxd4 Nf6 5. Nc3 g6 6. Bc4 Bg7 7. Be3 O-O 8. O-O Ng4 9. Qe2 Nxe3 10. fxe3 Nc6 11. Rad1 Bd7 12. Kh1 Rc8 13. Nxc6 Bxc6 14. Nd5 Bxd5 15. Bxd5 Rc7 16. b3 Qc8 17. Rd2 Bc3 18. Rd3 Be5 19. Rd2 Bc3 20. Rd3 Be5 21. Rd2 a6 22. Rf2 b5 23. b4 Bc3 24. Rd3 Bxb4 25. Bb3 Rc3 26. Qf1 e6 27. Rfd2 Qc7 28. Rf2 Kg7 29. Bxe6 Qe7 30. Bd5 Rc7 31. Rf3 Bc5 32. Qe2 Kg8 33. Qf2 Ra7 34. h4 Kg7 35. Qg3 Qe5 36. Qxe5+ dxe5 37. Bb3 f6 38. Rg3 Be7 39. h5 Rh8 40. Kg1 Rf8 41. Rc3 Bb4 42. Rc6 Be7 43. hxg6 hxg6 44. Be6 Bb4 45. Bf5 Bd2 46. Rxg6+ Kf7 47. Rcxf6+ Ke7 48. Re6+ Kf7 49. Rxe5 Bxe3+ 50. Kf1 Bd4 51. Rd5 Be3 52. Rh6 Ke8 53. Re6+ Kf7 54. Ke2 Bg5 55. Red6 Kg8 56. Rg6+ Kf7 57. Rxg5 Kf6 58. Rg6+ Kf7 59. Rgd6 Kg8 60. Be6+ Kh8 61. Kd3 Rf2 62. Rd8+ Kg7 63. Rg8+ Kh6 64. Rdg5 Rc7 65. Rg3 1-0